000 00296nam a2200085Ia 4500
245 0 _aAfrican solutions : best practices from the African Peer Review Mechanism
100 _a Gruzd, Steven Auckland Park, South Africa, 2011
_947766
942 _cBK
008 210817s9999 xx 000 0 und d
999 _c258888
_d258887